从百科简介猜中国城市#2 Guess Chinese city from the baidu introduction #2 - Statistics

General Stats
  • This quiz has been taken 72 times
  • The average score is 6 of 15
Answer Stats
描述 城市 类型 % Correct
**科学工业园区设立之后成为台湾省的高科技重镇,有中国台湾省硅谷之称。 新竹 台湾城市
71%
**市境域从新石器时代中期的小黄山文化开始,已有约9000年历史。越国古都建于公元前490年,已有2500多年建城史。 绍兴 地级市
70%
荷兰人占领中国**,于大员港建立奥伦治城,后更名为“热兰遮城”(今安平古堡)。并建“普罗民遮城”(今赤崁楼)。 台南 台湾城市
64%
特别于冬季和春季交际之时,**港区及市中心时常发生大雾,严重时甚至使**港的港务运作被迫完全停摆,但也有不少人将这种天气赋予“雾锁雨港”的美称。 基隆 台湾城市
56%
唐天宝元年(742年)更名“浮梁”;北宋赵恒景德元年定名“**”,辖于浮梁县;解放后从浮梁县分出,置**市;1960年,浮梁县并入**市。 景德镇 地级市
49%
**老腔、**迷胡、**皮影、剪纸等文化遗产悠远流传,**老腔和**迷胡被列为国家非物资文化遗产名录,…… 华阴 县级市
37%
**市地处江汉平原腹地,是全国首个“中国蒸菜之乡”,又素称“鱼米之乡”。 天门 县级市
36%
名优特产:1、**香米,……2、黄鳝,**市素有“鱼米之乡”的美誉,黄鳝产量占全国的四成以上。3、沔阳三蒸,有粉蒸、清蒸、扣蒸、泡蒸、花样造型蒸等多种蒸菜技法。 仙桃 县级市
36%
**口岸距哈萨克斯坦多斯特克口岸12千米,是集铁路、公路、航空、管道四种运输方式为一体的国家重点建设和优先发展一类口岸,…… 阿拉山口 县级市
33%
2012年12月,更名为新疆生产建设兵团第九师。2023年1月20日,设立县级**市。 白杨 县级市
31%
2006年,“**广东音乐”入选“国家首批非物质文化遗产”名录。梅家大院:全国保存得最完好、且具有一定规模的华侨建筑群的典型代表。《让子弹飞》等电影以此为外景拍摄。 台山 县级市
26%
1985年2月,国务院批准撤销海龙县,设立**市(地级);1986年1月,经国务院批准,**市改为县级市;2013年9月,吉林省委、省人民政府确定**市为省直管县级市; 梅河口 县级市
24%
**市是滇、桂、黔三省结合部的中心市,是##州重要的的交通枢纽;晴隆至兴义、惠水至**高速公路,关岭至**、**至安龙高等级公路,213、309、313省道以及贵阳至兴义铁路贯穿全境, 兴仁 县级市
23%
**市是甘肃省煤、电、化、运一体化综合产业开发的核心区和工业重镇,是全国十三个产煤基地、西北三大产煤基地之一。2019年4月28日,甘肃省政府批准**市正式退出贫困县。 华亭 县级市
20%
永建二年(127年),西域长史班勇与敦煌太守张朗分南北道攻打焉耆国,张郎由爵离城(即埒娄城)先至爵离关(今**),攻降焉者王元孟。 铁门关 县级市
13%
No matching quizzes found
Score Distribution
Percent of People with Each Score
Percentile by Number Answered
Your Score History
You have not taken this quiz